Vaca Blanco cremoso - Statistiques

Statistiques générales
  • Ce quiz a été pris 51 fois
  • Le résultat moyen est 7 sur 14
Statistiques - réponses
Par images Réponse % Correct
Chianina
100%
Guernsey
100%
Palmera
100%
Pirenaica
100%
Pirenaica
100%
Pirenaica
100%
Pirenaica
100%
Palmera
75%
Charoles
50%
Gascona
50%
Pallaresa
50%
Piamontesa
50%
Guernsey
33%
Pallaresa
33%
Piamontesa
33%
Gascona
25%
Blanca Cacerena
0%
Blanca Cacerena
0%
Charoles
0%
Chianina
0%
Gascona
0%
Pallaresa
0%
Rubia de Aquitania
0%
Aucun quiz correspondant
Distribution des résultats
% des personnes avec chaque résultat
Percentile par nombre de réponses
Votre historique - résultats
Vous n’avez pas pris ce quiz